Olivia becomes a vet / (Record no. 4162)

MARC details
000 -LEADER
fixed length control field 01572cam a22004337a 4500
001 - CONTROL NUMBER
control field 4162
003 - CONTROL NUMBER IDENTIFIER
control field FISKH
005 - DATE AND TIME OF LATEST TRANSACTION
control field 20250827145537.0
008 - FIXED-LENGTH DATA ELEMENTS--GENERAL INFORMATION
fixed length control field 120109s2011 nyua j 000 1 eng d
010 ## - LIBRARY OF CONGRESS CONTROL NUMBER
LC control number 2011287511
020 ## - INTERNATIONAL STANDARD BOOK NUMBER
International Standard Book Number 9781442428607 (hc)
020 ## - INTERNATIONAL STANDARD BOOK NUMBER
International Standard Book Number 1442428600 (hc)
020 ## - INTERNATIONAL STANDARD BOOK NUMBER
International Standard Book Number 9781442428591 (pbk.)
020 ## - INTERNATIONAL STANDARD BOOK NUMBER
International Standard Book Number 1442428597 (pbk.)
020 ## - INTERNATIONAL STANDARD BOOK NUMBER
International Standard Book Number 9781448783151 (Paw Prints bdg.)
020 ## - INTERNATIONAL STANDARD BOOK NUMBER
International Standard Book Number 1448783151 (Paw Prints bdg.)
020 ## - INTERNATIONAL STANDARD BOOK NUMBER
International Standard Book Number 9780606232951 (lib. bdg.)
020 ## - INTERNATIONAL STANDARD BOOK NUMBER
International Standard Book Number 0606232958 (lib. bdg.)
040 ## - CATALOGING SOURCE
Original cataloging agency BTCTA
Language of cataloging eng
Transcribing agency BTCTA
Modifying agency ILC
-- WL8
-- KSA
-- B2A
-- ON8
-- JP3
-- VP@
-- ILC
-- SINLB
-- LF3
-- BDX
-- DLC
050 ## - LIBRARY OF CONGRESS CALL NUMBER
Classification number PZ7.H267447
082 ## - DEWEY DECIMAL CLASSIFICATION NUMBER
Classification number 428.6
100 1# - MAIN ENTRY--PERSONAL NAME
Personal name Harvey, Alex
Titles and words associated with a name (Children's story adapter)
245 10 - TITLE STATEMENT
Title Olivia becomes a vet /
Statement of responsibility, etc. adapted by Alex Harvey ; illustrated by Jared Osterhold.
250 ## - EDITION STATEMENT
Edition statement 1st ed.
260 ## - PUBLICATION, DISTRIBUTION, ETC.
Place of publication, distribution, etc. New York :
Name of publisher, distributor, etc. Simon Spotlight,
Date of publication, distribution, etc. 2011.
300 ## - PHYSICAL DESCRIPTION
Extent 24 unnumbered pages ;
Other physical details color illustrations ;
Dimensions 23 cm
490 0# - SERIES STATEMENT
Series statement Ready-to-read. Level one, Star reader!
505 ## - FORMATTED CONTENTS NOTE
Formatted contents note J<br/>
520 ## - SUMMARY, ETC.
Summary, etc. When Julian's pet lizard isn't feeling well and needs to visit the vet, Olivia takes her "way with animals" to the next level and imagines what it would be like to become a veterinarian.
521 8# - TARGET AUDIENCE NOTE
Target audience note 490<br/>
Source Lexile <br/>
521 8# - TARGET AUDIENCE NOTE
Target audience note J<br/>
Source Raz-Plus<br/>
650 #1 - SUBJECT ADDED ENTRY--TOPICAL TERM
Topical term or geographic name entry element Veterinarians
Form subdivision Fiction.
650 #1 - SUBJECT ADDED ENTRY--TOPICAL TERM
Topical term or geographic name entry element Pigs
Form subdivision Fiction.
700 ## - ADDED ENTRY--PERSONAL NAME
Personal name Osterhold, Jared
Relator term Illustrator
730 0# - ADDED ENTRY--UNIFORM TITLE
Uniform title Olivia (Television program)
906 ## - LOCAL DATA ELEMENT F, LDF (RLIN)
a 7
b cbc
c copycat
d 4
e ncip
f 20
g y-gencatlg
942 ## - ADDED ENTRY ELEMENTS (KOHA)
Source of classification or shelving scheme Dewey Decimal Classification
Koha item type Books
Suppress in OPAC No
Holdings
Withdrawn status Lost status Source of classification or shelving scheme Damaged status Not for loan Collection Home library Current library Shelving location Date acquired Total Checkouts Full call number Barcode Date last seen Price effective from Koha item type Copy number
    Dewey Decimal Classification     Juvenile Fiction Footprints International School Library Network Toul Kork Campus Footprints International School Library Network Toul Kork Campus TK Primary Library Room(4th Floor), Bookcase 1&2, Shelves 1-16, Dark Blue Books 06/24/2024   HAR 428.6 PZ7.H267447 FISTK01088 06/24/2024 06/24/2024 Books  
    Dewey Decimal Classification     Juvenile Fiction Footprints International School Library Network Toul Tom Poung Campus Footprints International School Library Network Toul Tom Poung Campus TTP Primary Dark Blue Bookshelves 08/27/2025   HAR 428.6 PZ7.H267447 FIS02654 08/27/2025 08/27/2025 Books 2